Bulletin of the Department of Geological Sciences.

محفوظ في:
التفاصيل البيبلوغرافية
عنوان جديد:University of California publications in geological sciences (1952)
العنوان السابق:University of California publications in geological sciences
مؤلفون مشاركون: University of California (System), University of California, Berkeley
التنسيق: دورية
اللغة:English
منشور في: Berkeley, Calif. : University of California Press, 1924-1951.
سلاسل:University of California publications
الموضوعات:
LEADER 01282nas a2200301 a 4500
001 c000154272
003 CARM
005 20141003120727.0
008 860922d19241951cau x m 0 0 0eng d
019 1 |a 4769952  |z 9642699  |5 LACONCORD2021 
035 |a (OCoLC)173349711  |5 LACONCORD2021 
040 |a NU  |c NU 
130 0 |a Bulletin of the Department of Geological Sciences (1924) 
245 0 0 |a Bulletin of the Department of Geological Sciences. 
260 |a Berkeley, Calif. :  |b University of California Press,  |c 1924-1951. 
300 |a 14 v. 
362 0 |a Vol. 15, no. 2 (1924)-[v.28, no. 13 (1951)] 
490 0 |a University of California publications 
650 0 |a Geology  |x Periodicals. 
710 2 |a University of California (System) 
710 2 |a University of California, Berkeley. 
760 0 |t University of California publications 
780 0 0 |t University of California publications in geological sciences 
785 0 0 |t University of California publications in geological sciences (1952) 
852 8 |b CARM  |h A2:AH30E0  |i C02905  |p 0124058  |f SE 
866 0 |a 1924-1951 Inc. 
999 f f |i 54bf0d9b-456a-56df-afc9-659d1d516267  |s dbb67fa3-9669-5cac-b73d-38d4f25aa3f4 
952 f f |p Can circulate  |a CAVAL  |b CAVAL  |c CAVAL  |d CARM 1 Store  |e C02905  |f A2:AH30E0  |h Other scheme  |i book  |k 1924-1951 Inc.  |m 0124058